|
|
|
|
| LEADER |
00000nas a2200000 a 4500 |
| 001 |
ssj0012531 |
| 003 |
WaSeSS |
| 005 |
20200512172242.0 |
| 006 |
m d |
| 007 |
cr n |
| 008 |
920706c19929999enktr p s o 0 a0eng c |
| 010 |
|
|
|a sn 92021149
|
| 015 |
|
|
|a GB9236502
|2 bnb
|
| 016 |
7 |
|
|a 016370821
|2 DE-101
|
| 016 |
7 |
|
|a 1107250-7
|2 DE-600
|
| 016 |
7 |
|
|a 012407242
|2 Uk
|
| 022 |
|
|
|l 0958-4935
|y 0958-4935
|
| 035 |
|
|
|a (WaSeSS)ssj0012531
|
| 037 |
|
|
|b Carfax Publishing, Taylor & Francis, Journals Dept., 325 Chestnut St., 8th Floor, Philadelphia, PA 19106
|
| 040 |
|
|
|a EYM
|b eng
|c EYM
|d NST
|d HUL
|d NST
|d WAU
|d OCL
|d SYS
|d OCLCQ
|d NSD
|d CGU
|d NLGGC
|d LVB
|d OCLCQ
|d HEBIS
|d GEBAY
|d GBVCP
|d DEBBG
|d UKMGB
|d DOS
|d OCLCQ
|d OCLCF
|d BEDGE
|d DOS
|d DLC
|d OCLCQ
|d OCLCO
|d OCLCA
|d L2U
|d WaSeSS
|
| 042 |
|
|
|a pcc
|a nsdp
|
| 043 |
|
|
|a az-----
|
| 050 |
0 |
0 |
|a DS331
|b .C6683
|
| 050 |
1 |
4 |
|a DS331
|b .C76
|
| 082 |
1 |
0 |
|a 954
|2 13
|
| 222 |
|
0 |
|a Contemporary South Asia
|
| 245 |
0 |
0 |
|a Contemporary South Asia
|h [electronic resource].
|
| 260 |
|
|
|a Abingdon, Oxfordshire :
|b Carfax Pub. Co.,
|c 1992-
|
| 310 |
|
|
|a Three no. a year
|
| 362 |
0 |
|
|a Vol. 1, no. 1-
|
| 500 |
|
|
|a Title from cover.
|
| 506 |
|
|
|a License restrictions may limit access.
|
| 588 |
|
|
|a Description based on: Volume 26, number 3 (September 2018); title from cover.
|
| 588 |
|
|
|a Latest issue consulted: Volume 26, number 3 (September 2018).
|
| 648 |
|
7 |
|a 1900-2000.
|0 (NL-LeOCL)241924731
|2 gtt
|
| 650 |
|
7 |
|a 15.75 history of Asia.
|0 (NL-LeOCL)077599616
|2 bcl
|
| 650 |
|
7 |
|a Publications périodiques.
|2 eclas
|
| 650 |
|
7 |
|a Landeskunde
|2 gnd
|
| 650 |
|
7 |
|a Politik
|2 gnd
|
| 650 |
|
7 |
|a Wirtschaft
|2 gnd
|
| 650 |
|
7 |
|a Zeitschrift
|2 gnd
|
| 650 |
|
7 |
|a Länderforschung.
|2 stw
|
| 650 |
|
7 |
|a Südasien.
|2 stw
|
| 650 |
|
7 |
|a Zeitschrift.
|2 swd
|
| 650 |
|
7 |
|a Landeskunde.
|2 swd
|
| 651 |
|
0 |
|a South Asia
|v Periodicals.
|
| 651 |
|
6 |
|a Asie méridionale
|v Périodiques.
|
| 651 |
|
7 |
|a Asie du Sud-Est.
|2 eclas
|
| 651 |
|
7 |
|a South Asia.
|2 fast
|0 (OCoLC)fst01244520
|
| 651 |
|
7 |
|a Südasien
|2 gnd
|
| 651 |
|
7 |
|a South Asia.
|0 (NL-LeOCL)078969581
|2 gtt
|
| 655 |
|
0 |
|a Electronic journals.
|
| 850 |
|
|
|a CoU
|a DLC
|a MH
|a MiU
|a PU
|a WaU
|
| 853 |
0 |
0 |
|8 1
|a v.
|b no.
|i (year)
|
| 856 |
4 |
0 |
|z Full text available from Research Library: 07/01/1997 to 07/31/2000
|u https://search.proquest.com/publication/32755
|
| 863 |
4 |
0 |
|8 1
|a <1>-
|i <1992>-
|x provisional
|